Manual de ética profesional

Bibliographic Details
Main Author: López, Nasere Habed
Format: Section = Libro
Language:Undetermined
Spanish
Published: Managua Nicaragua Marcel Dakker, Inc 2006
Edition:4a.ed
Subjects:
LEADER 00645nam a2200229Ia 4500
008 240830s9999 xx 000 0 und d
040 |a B-ESTELÍ- RUACS / 174 N113 
041 |a spa 
082 |a 174 N113 
100 1 |a López, Nasere Habed 
245 1 0 |a Manual de ética profesional 
250 |a 4a.ed 
260 |a Managua Nicaragua  |b Marcel Dakker, Inc  |c 2006 
300 |a 149 p 
650 7 |a NATURALEZA Y CONTENIDO DE LA ETICA PROFESIONAL 
650 7 |b  PRINCIPIOS ETICOS 
650 7 |c  VALORES ETICOS 
650 7 |d  NORMAS DE ETICA PROFESIONAL 
650 7 |e  CODIGO DE ETICA PROFESIONAL 
942 |c BK  |2 ddc 
991 |a TEXTO 
999 |c 10630